Countries Smaller Than Taiwan - Statistics

General Stats
  • This quiz has been taken 52 times
  • The average score is 51 of 62
Answer Stats
Hint Answer % Correct
Europe Andorra
96%
Europe San Marino
93%
Europe Vatican City
93%
North America Dominica
91%
North America Haiti
91%
Europe Liechtenstein
91%
Asia Qatar
91%
North America Bahamas
89%
Asia Brunei
89%
Oceania Fiji
89%
North America Barbados
87%
North America Belize
87%
Europe Luxembourg
87%
Europe Malta
87%
North America Trinidad and Tobago
87%
Asia Bahrain
85%
Oceania F.S. Micronesia
85%
Europe Kosovo
85%
Africa Lesotho
85%
Oceania Marshall Islands
85%
Europe Montenegro
85%
Europe North Macedonia
85%
North America Saint Lucia
85%
North America Saint Vincent and the Grenadines
85%
Africa Seychelles
85%
Oceania Solomon Islands
85%
Oceania Tuvalu
85%
Africa Comoros
83%
Asia Cyprus
83%
Europe Monaco
83%
Oceania Palau
83%
North America Saint Kitts and Nevis
83%
Oceania Samoa
83%
Europe Slovenia
83%
Oceania Vanuatu
83%
Europe Albania
80%
North America Antigua and Barbuda
80%
Africa Eswatini
80%
North America Grenada
80%
Oceania Kiribati
80%
Africa Mauritius
80%
Oceania Nauru
80%
Africa São Tomé and Príncipe
80%
Asia Singapore
80%
North America Jamaica
78%
Africa Cape Verde
76%
Africa Djibouti
76%
Asia East Timor
76%
Asia Kuwait
76%
Asia Lebanon
76%
Asia Maldives
76%
Oceania Tonga
76%
Asia Israel
74%
Europe Moldova
74%
Africa Rwanda
74%
Africa Burundi
72%
North America El Salvador
72%
Africa Gambia
72%
Europe Belgium
70%
Africa Guinea-Bissau
70%
Africa Equatorial Guinea
61%
Asia Armenia
59%
No matching quizzes found
Score Distribution
Percent of People with Each Score
Percentile by Number Answered
Your Score History
You have not taken this quiz